000 00972nam a2200277Ia 4500
003 OSt
005 20221005110130.0
006 a|||||r|||| 00| 0
007 ta
008 GUJ
020 _a8126015802 (pbk)
_c25
024 _a95917
037 _b542, 19/03/2009, Vani Prakashan
_cTextual
040 _aCRL
_cCRL
_bGUJ
041 _2GUJ
_aGUJ
082 _aO156,1K18:g, 152P3
100 _aसाहा, रणजीत
245 0 _aमहापति प्राणनाथ
246 _aMahāpati prāṇanātha
260 _aनई दिल्ली
_bसाहित्य अकादेमी भारत
_c2003
300 _a148पृ0
_ccm.
490 _aभारतीय साहित्य के निर्माता
650 _aगुजराती साहित्य
942 _hO156,1K18:g, 152P3
_cTEXL
_2cc
999 _c1017903
_d1017903